Statistics for 20 Deformed Countries on a Map

Click here to take the quiz!

General Stats

  • This quiz has been taken 784 times
  • The average score is 13 of 20

Answers on the Map

Answers color-coded by a green-red scale on the quiz's map according to % correct below.
 

Answer Stats

Answer% Correct
Italy
98%
Netherlands
80%
Ecuador
79%
Panama
79%
United Arab Emirates
79%
Albania
78%
Somalia
76%
Haiti
72%
Finland
71%
Turkey
70%
North Korea
69%
Argentina
66%
Azerbaijan
64%
Gabon
60%
Sri Lanka
59%
Madagascar
58%
Thailand
58%
Angola
56%
Nigeria
44%
Libya
34%

Score Distribution

Percentile by Number Answered

Percent of People with Each Score

Your Score History

You have not taken this quiz